LEADER 01165nam a2200289 u 4500 001 000000013569 003 CaOOAMICUS 005 20070226105651.0 008 941210s1972 ne u000 u eng u 020 $a9024712955 035 $a10323824 040 $aPUL(R)$bita 100 1 $aKainz, Howard P.$0(OLS)http://pul/name/12754 245 11$a"Active and passive potency" in thomistic angelology /$cby Howard P. Kainz. 260 $aThe Hague :$bM. Nijhoff,$c1972. 300 $a104 p. ;$c23 cm 500 $aComprende indice. 504 $aBibliografia: p. [100]-101. 600 04$aThomas Aquinas,$cs.,$dc. 1225-1274$xCritica e interpretazione.$0(OLS)http://pul/subject/435 650 4$aAngeli.$0(OLS)http://pul/subject/1404 850 $aPUL 852 $aPUL$W1$xSL Religione 1$y3$m70 H 50$j19121$nBK-PRI$b $qStampati$B19121$CPULBib$Z2$F19121 $H $81 941 1 $a8 961 $aINV: 45818 996 $6020$a9024712955$9(OLS)http://pul/number/17345 996 $6245$a"Active and passive potency" in thomistic angelology$9(OLS)http://pul/title/19579 996 $6260$aThe Hague :$bM. Nijhoff$9(OLS)http://pul/publisher/54076 LEADER 01092nam a2200289 a 4500 001 000000136806 003 CaOOAMICUS 005 20131216120459.0 008 131216s1999 it u000 u ita r 020 $a88-8358-006-0 040 $aPUL$bita 100 1 $aAntiseri, Dario,$d1940-$0(OLS)http://pul/name/1978 245 10$aCredere dopo la filosofia del secolo XX /$cDario Antiseri. 260 $aRoma :$bArmando,$cİ1999. 300 $a127 p. ;$c20 cm. 490 1 $aTemi del nostro tempo 504 $aBibliografia nelle note. 650 4$aFede$ySec. XX.$0(OLS)http://pul/subject/29329 830 0$aTemi del nostro tempo.$0(OLS)http://pul/title/71757 850 $aPUL 852 $aPUL$W1$xDP1 Fondo E. Rossi$y115$m3 A 17$j41910$qFondi$B157071$CPULBib$Z2$F157071 $82 941 1 $a1 961 $aSul dorso collocazione ms. di E. Rossi: CP 13 996 $6020$a88-8358-006-0$9(OLS)http://pul/number/154199 996 $6245$aCredere dopo la filosofia del secolo XX$9(OLS)http://pul/title/173213 996 $6260$aRoma :$bArmando$9(OLS)http://pul/publisher/55055 LEADER 01360nam a2200325 a 4500 001 000000174537 003 CaOOAMICUS 005 20210604174252.0 008 210604s2019 it u000 u ita r 020 $a978-88-6788-165-9* 032 $aLibriCat 040 $aPUL$bita 082 04$a235 100 0 $aMaccari, Patrizio.$0(OLS)http://pul/name/112165 245 13$aIl secolo di Satana :$blo scatenamento del male... con un'intervista al diavolo /$cPatrizio Maccari ; presentazione di Manlio Sodi. 260 $aRoma :$bIF Press,$cİ2019. 300 $a333 p. ;$c24 cm 490 1 $aSapientia ineffabilis ;$v23 504 $aBibliografia in nota. 650 4$aDemonio e demonologia.$0(OLS)http://pul/subject/747 700 1 $aSodi, Manlio,$cS.D.B.,$d1944-$0(OLS)http://pul/name/32025 830 0$aSapientia ineffabilis ;$v23.$0(OLS)http://pul/title/178270 850 $aPUL 852 $aPUL$W1$xDP2 Religione 3$y114$m235 MACPA 1$j198853$qDDC 21$B203480$CPULBib$Z2$F203480 $82 941 1 $a9 996 $6020$a978-88-6788-165-9*$9(OLS)http://pul/number/167414 996 $6082$a235$9(OLS)http://pul/classification/630 996 $6245$aIl secolo di Satana :$blo scatenamento del male... con un'intervista al diavolo$9(OLS)http://pul/title/215831 996 $6260$aRoma :$bIF Press$9(OLS)http://pul/publisher/83036